THE COMMERCIAL COURT (Record no. 216296)
[ view plain ]
| 000 -LEADER | |
|---|---|
| fixed length control field | 00439nam a22001697a 4500 |
| 008 - FIXED-LENGTH DATA ELEMENTS--GENERAL INFORMATION | |
| fixed length control field | 251126b |||||||| |||| 00| 0 eng d |
| 020 ## - INTERNATIONAL STANDARD BOOK NUMBER | |
| International Standard Book Number | 978-1-85800-682-6 |
| 100 ## - MAIN ENTRY--PERSONAL NAME | |
| Personal name | DOWLING, STEPHEN |
| 245 ## - TITLE STATEMENT | |
| Title | THE COMMERCIAL COURT |
| 250 ## - EDITION STATEMENT | |
| Edition statement | 2ND ED |
| 260 ## - PUBLICATION, DISTRIBUTION, ETC. | |
| Place of publication, distribution, etc. | DUBLIN |
| Name of publisher, distributor, etc. | THOMSON REUTERS |
| Date of publication, distribution, etc. | 2012 |
| 300 ## - PHYSICAL DESCRIPTION | |
| Extent | LI, 680P. |
| 500 ## - GENERAL NOTE | |
| General note | INCLUDES INDEX |
| 650 ## - SUBJECT ADDED ENTRY | |
| Topical term or geographic name entry element | 1.COMMERCIAL COURTS - IRELAND |
| 942 ## - ADDED ENTRY ELEMENTS (KOHA) | |
| Source of classification or shelving scheme | Library of Congress Classification |
| Koha item type | Long Loan Book |
| Withdrawn status | Lost status | Source of classification or shelving scheme | Damaged status | Not for loan | Collection | Home library | Current library | Shelving location | Date acquired | Inventory number | Total checkouts | Full call number | Barcode | Date last seen | Copy number | Price effective from | Koha item type |
|---|---|---|---|---|---|---|---|---|---|---|---|---|---|---|---|---|---|
| Library of Congress Classification | Law | Kisii University Library | Kisii University Library | On Display | 11/26/2025 | 110189 | KDK 1630 .D69 2012 | 000000018811 | 11/26/2025 | C.1 | 11/26/2025 | Long Loan Book | |||||
| Library of Congress Classification | Law | Kisii University Library | Kisii University Library | On Display | 11/26/2025 | 110190 | KDK 1630 .D69 2012 | 000000018812 | 11/26/2025 | C.2 | 11/26/2025 | Long Loan Book | |||||
| Library of Congress Classification | Law | Kisii University Library | Kisii University Library | On Display | 11/26/2025 | 110191 | KDK 1630 .D69 2012 | 000000018914 | 11/26/2025 | C.3 | 11/26/2025 | Long Loan Book |